Geography Quiz

Random Geography or State Quiz

United States 'C' Geography Quiz Stats

 Plays Quiz Updated May 6, 2018

Challenge
Share
Tweet
Embed
Score 0/18 Timer 05:00
2 Plays Today
Hint Answer % Correct
Most populated state in the United StatesCalifornia
97%
Four-corners state well-known for the Rocky MountainsColorado
94.7%
East-coast state nicknamed 'The Constitution State'Connecticut
91.8%
City on Lake Michigan that's currently third in U.S. populationChicago
91.2%
State capital of NevadaCarson City
87.7%
State capital of OhioColumbus
87.4%
State capital of WyomingCheyenne
84.6%
State capital of West VirginiaCharleston
84.3%
State capital of New HampshireConcord
78.3%
Hint Answer % Correct
State capital of South CarolinaColumbia
76.6%
Location of NBA's Cavaliers, MLB's Indians, and NFL's BrownsCleveland
73.6%
Inlet of the Atlantic Ocean along Virginia, Delaware, and MarylandChesapeake Bay
62%
New York home to the National Baseball Hall of FameCooperstown
60.8%
Mountain range running through Oregon and WashingtonCascade Range
59.3%
Massachusetts' hook-shaped peninsula Cape Cod
58.6%
Oregon lake that is the deepest in the United StatesCrater Lake
53.5%
New Mexican National Park located in the Chihuahua DesertCarlsbad Caverns National Park
16.6%
Island National Park off the coast of Los AngelesChannel Islands National Park
16.5%

You're not logged in!

Compare scores with friends on all Sporcle quizzes.
OR
Log In

You Might Also Like...

Show Comments

Extras

Top Quizzes Today


Score Distribution

Your Account Isn't Verified!

In order to create a playlist on Sporcle, you need to verify the email address you used during registration. Go to your Sporcle Settings to finish the process.

Report this User

Report this user for behavior that violates our Community Guidelines.

Details: